000 00553nam a2200229Ia 4500
003 OSt
005 20220924145526.0
006 a|||||r|||| 00| 0
007 ta
008 PER
024 _a329115
037 _cTextual
040 _aARTS
_cARTS
_bPER
041 _2PER
_aPER
082 _aO28,3NNH,11, 164F3
100 _aHidad Nikla Au.
_9219959
245 0 _aHawwad-e-amroz
260 _c1923
650 _aARABIC FICTION
_964594
942 _hO28,3NNH,11, 164F3
_cTEXL
_2CC
999 _c460359
_d460359